000 02949pam a2200481 i 4500
001 2021029662
003 DLC
005 20220503150117.0
008 210623s2022 nyu 000 1 eng
010 _a 2021029662
020 _a9780593295779
_q(hbk.)
020 _z9780593295786
_q(ebk.)
035 _a(OCoLC)1258039265
040 _aDLC
_beng
_erda
_cDLC
_dTnLvILS
042 _apcc
043 _ae-uk-en
092 _aF Atherton
100 1 _aAtherton, Nancy,
_eauthor.
_937459
245 1 0 _aAunt Dimity and the enchanted cottage /
_cNancy Atherton.
264 1 _a[New York, NY] :
_bViking,
_c[2022]
300 _a242 pages ;
_c22 cm.
336 _atext
337 _aunmediated
338 _avolume
490 1 _aAunt Dimity mysteries.
500 _aPlace of publication taken from publisher's website.
520 _a"It's early May in the small English village of Finch and the air is crackling with excitement: a newcomer is about to move into Pussywillows, a riverside cottage with a romantic reputation. Will the cottage's newest resident prove yet again its enchanting ability to matchmake? But when Crispin Windle arrives, no one knows what to make of him: seemingly a loner, he repels every welcoming gesture and appears altogether uninterested in being a part of the community. Soon, the townspeople have all but dismissed him. Only Lori and Tommy Prescott, a young army veteran who recently moved to Finch, refuse to give up. They orchestrate a chance meeting that leads to a startling discovery: a set of overgrown ruins. They are, Aunt Dimity shares, the remains of a Victorian woolen mill that once brought prosperity to Finch. As the three explore, they stumble upon the unmarked graves of children who died working at the mill. Heartbroken, Lori, Tommy, and Mr. Windle get to work on the seemingly impossible task of identifying the children to give them a proper burial. And as Mr. Windle works tirelessly to name the forgotten children, he slowly begins to open up--giving the romantic cottage a chance to heal his heart as well"--
650 0 _aRecluses
_vFiction.
_95701121
650 0 _aChild labor
_xHistory
_vFiction.
_96447359
650 0 _aBurial
_vFiction.
_96447360
650 0 _aMills and mill-work
_xHistory
_vFiction.
_96447361
650 0 _aVillages
_zEngland
_vFiction.
_95725290
650 0 _aVillages
_zEngland
_xHistory
_vFiction.
_96447362
650 0 _aGhost stories.
655 7 _aDetective and mystery fiction.
_2lcgft.
_95683641
655 7 _aGhost stories.
_2lcgft.
655 7 _aDetective and mystery fiction.
_2gsafd.
_95683641
655 7 _aGhost stories.
_2gsafd.
776 0 8 _iOnline version:
_aAtherton, Nancy.
_tAunt Dimity and the enchanted cottage
_d[New York City] : Viking, [2022]
_z9780593295786
_w(DLC) 2021029663.
800 1 _aAtherton, Nancy.
_tAunt Dimity series.
_96447363
907 _a.b451143875
942 _2ddc
_cBOOK
999 _c373341
_d373341